| 000 | 00610nam a22002177a 4500 | ||
|---|---|---|---|
| 999 |
_c174299 _d174299 |
||
| 005 | 20200602162351.0 | ||
| 010 | _aENG-128169 | ||
| 020 |
_c225.00 _a9789353227029 |
||
| 035 | _aEN-111701 | ||
| 037 | _bDBAD/PUB | ||
| 082 | _a920 | ||
| 100 | _aSaini,Renu | ||
| 245 |
_aDeendayal Upadhyaya 100 inspirational Stories/ _c by Renu Saini |
||
| 260 |
_aNew Delhi _bPrabhat Prakashan _c2019 |
||
| 270 |
_a4/19 Asaf Ali Road _bNew Delhi _e110002 |
||
| 300 |
_a208p. _c23cm(hb) |
||
| 700 | _aPandey,Nutan | ||
| 700 | _aNarayan Kumar | ||
| 700 | _aMudgal,Anup K. | ||
| 942 |
_2ddc _cEN _h920 _mSAI |
||